000
00293nam a2200121Ia 4500
008
260210s9999 xx 000 0 und d
020
_a
9780486290614
100
_a
AJIT MOOKERJEE
245
0
_a
5000 DESIGNS AND MOTIFS FROM INDIA
260
_b
DOVER PUB 1996
260
_c
1996
942
_c
BDES
999
_c
14049
_d
14049